Disability Studies and the Inclusive Classroom: Critical Practices for Creating Least Restrictive Attitudes (Record no. 807)

MARC details
005 - DATE AND TIME OF LATEST TRANSACTION
control field 20250317141355.0
020 ## - INTERNATIONAL STANDARD BOOK NUMBER
International Standard Book Number 978-0-415-99372-2
082 ## - DEWEY DECIMAL CLASSIFICATION NUMBER
Classification number 371.904 BAG
100 ## - MAIN ENTRY--PERSONAL NAME
Author name BAGLIERI, S.
245 ## - TITLE STATEMENT
Title Disability Studies and the Inclusive Classroom: Critical Practices for Creating Least Restrictive Attitudes
260 ## - PUBLICATION, DISTRIBUTION, ETC.
Place of publication, distribution, etc. New York,
Name of publisher, distributor, etc. Routledge,
Date of publication, distribution, etc. 2012.
300 ## - PHYSICAL DESCRIPTION
Extent 282p.
Other physical details Index, references.
Dimensions 23cm.
700 ## - ADDED ENTRY--PERSONAL NAME
Other authors/Editors SHAPIRO, A.
942 ## - ADDED ENTRY ELEMENTS (KOHA)
Source of classification or shelving scheme Dewey Decimal Classification
Koha item type Books
Holdings
Date last seen Total checkouts Full call number Barcode Cost, replacement price Price effective from Koha item type Lost status Source of classification or shelving scheme Damaged status Not for loan Withdrawn status Home library Current library Shelving location Date acquired Cost, normal purchase price
03/17/2025   371.904 BAG 0000003225 527547.00 03/17/2025 Books   Dewey Decimal Classification       College of Business Education Main Library College of Business Education Main Library General Collection 02/11/2016 175849.00
03/17/2025   371.904 BAG 0000003226 527547.00 03/17/2025 Books   Dewey Decimal Classification       College of Business Education Main Library College of Business Education Main Library General Collection 02/11/2016 175849.00
03/17/2025   371.904 BAG 0000003227 527547.00 03/17/2025 Books   Dewey Decimal Classification       College of Business Education Main Library College of Business Education Main Library General Collection 02/11/2016 175849.00
05/14/2025   LECT 371.904 BAG 0000008693 527547.00 05/14/2025 Books   Dewey Decimal Classification       College of Business Education Main Library College of Business Education Main Library General Collection 02/11/2016 175849.00